The Craft of Copy Writing (Record no. 4414)

MARC details
000 -LEADER
fixed length control field 00397nam a22001697a 4500
005 - DATE AND TIME OF LATEST TRANSACTION
control field 20160628124245.0
008 - FIXED-LENGTH DATA ELEMENTS--GENERAL INFORMATION
fixed length control field 160628b xxu||||| |||| 00| 0 eng d
020 ## - INTERNATIONAL STANDARD BOOK NUMBER
ISBN 0-7619-9424-6
041 ## - LANGUAGE CODE
Language code of text/sound track or separate title eng
082 ## - DEWEY DECIMAL CLASSIFICATION NUMBER
Item number 10774
100 ## - MAIN ENTRY--AUTHOR NAME
Personal name Valladares, June A
245 ## - TITLE STATEMENT
Title The Craft of Copy Writing
260 ## - PUBLICATION, DISTRIBUTION, ETC. (IMPRINT)
Name of publisher Sage
Year of publication 2004
300 ## - PHYSICAL DESCRIPTION
Number of Pages 277
650 ## - SUBJECT ADDED ENTRY--TOPICAL TERM
Topical Term Mass Communication
942 ## - ADDED ENTRY ELEMENTS (KOHA)
Koha item type Books
Holdings
Lost status Damaged status Home library Current library Shelving location Date acquired Cost, normal purchase price Full call number Accession Number Koha item type
    JRU Library   SHELF-32-H 28/06/2016 340.00 10774 10774 Books